|
|
|
|
| LEADER |
00000nkmaa2200000 a 4500 |
| 001 |
vtls012052891 |
| 003 |
SK-MaSNL |
| 005 |
20260301173339.0 |
| 007 |
kh bo |
| 008 |
230802n xx | ||00 k|slo |
| 035 |
|
|
|a urn:nbn:sk:snk-km00g33x
|
| 035 |
|
|
|a urn:nbn:sk:snk-km45s7b
|
| 035 |
|
|
|a A45BF17F-E0B1-4AB9-BAF7-C133465C5FF8
|
| 040 |
|
|
|a SNKLA
|b slo
|c SNKLA
|e AACR2
|
| 041 |
0 |
|
|a slo
|
| 245 |
0 |
0 |
|a [Žuffová, Želmíra]
|h grafika
|
| 260 |
|
|
|a [S.l.
|b s.n.
|c s.a.]
|
| 300 |
|
|
|a 1 fotografia
|b čb
|c 13 x 17 cm
|
| 520 |
2 |
|
|a Zobrazenie: Podobizeň Želmíry Žuffovej, rod. Kuchárikovej (1894-1965).
|
| 600 |
1 |
7 |
|a Žuffová, Želmíra,
|d 1894-1965
|2 SNKLA
|9 329037
|
| 655 |
|
7 |
|a portrétne fotografie
|2 SNKLA
|9 305796
|
| 852 |
7 |
|
|a Slovenská národná knižnica
|b Literárny archív
|
| 958 |
|
|
|a ZO
|
| 958 |
|
|
|a BLA
|
| 999 |
|
|
|c 836413
|d 838343
|
| 952 |
|
|
|a SNKLA
|b SNKLA
|c SNKLA_DEP
|y NEVYP
|7 0
|p 17A1311733
|o snkSŽ 12/11
|i snkLA 3594/1989
|0 0
|1 0
|4 0
|d 2021-05-06
|f 1
|l 0
|r 2026-02-24 03:54:17
|w 2026-02-24
|